| 000 | 00569pam a2200181 a 4500 | ||
|---|---|---|---|
| 005 | 20250901165538.0 | ||
| 008 | 831103s1984 nyu b 001 0 eng | ||
| 010 | _a 83023887 | ||
| 020 | _a0070185972 | ||
| 050 | 0 | 0 |
_aBF173 .E16 1984 _b.E16 1984 |
| 082 | 0 | 0 |
_a150.19/5 _219 |
| 100 | 1 | _aEagle, Morris N. | |
| 245 | 1 | 0 |
_aRecent developments in psychoanalysis : _ba critical evaluation / _cMorris N. Eagle. |
| 260 |
_aNew York : _bMcGraw-Hill, _cc1984. |
||
| 300 |
_axi, 259 p. ; _c24 cm. |
||
| 500 | _aIncludes index. | ||
| 942 |
_2lcc _hBF173 .E16 1984 |
||
| 999 |
_c5640 _d5640 |
||